Internet : manual de bolsillo /
Guardado en:
| Autor Principal: | |
|---|---|
| Otros Autores: | |
| Formato: | Libro |
| Publicado: |
México :
Mcgraw-hill,
1995
|
| Materias: | |
| Etiquetas: |
Agregar Etiqueta
Sin Etiquetas, Sea el primero en etiquetar este registro!
|
| LEADER | 00699nam a22002175a 4500 | ||
|---|---|---|---|
| 001 | CEM.cems009357 | ||
| 005 | 20090219101440.0 | ||
| 008 | 130507s1995##################000#0#####d | ||
| 003 | CEMS | ||
| 020 | |a 970100759X | ||
| 082 | 0 | 4 | |a 001.64404 |
| 100 | 1 | |a Hoffman, Paul | |
| 245 | 1 | 0 | |a Internet : |b manual de bolsillo / |c Paul Hoffman ; traducción de Leslie Dawe |
| 260 | |a México : |b Mcgraw-hill, |c 1995 | ||
| 300 | |a 378 p. | ||
| 505 | 0 | |a Panorámica de Internet -- Utilización de Internet -- Proveedores de acceso a Internet | |
| 653 | |a Computación | ||
| 653 | |a Internet | ||
| 653 | |a Informática | ||
| 700 | 1 | |a Dawe, Leslie, trad. | |
| 859 | |a CEMS |b BIB. CEMS - 11 de abril |h 001.64404 |i H675 |p 19023.96 |t Ej.1 | ||
